01467nam a2200325 4500003000500000005001700005008004100022040003100063050001500094100003100109245010500140260008300245300004600328336002600374337002800400338002700428500012400455501007900579504004100658650001700699650002400716650004600740650004300786650002300829650003700852700003600889942003600925999001900961952016100980NUST20260508141637.0260508b |||||||| |||| 00| 0 eng d aNUSTbengcNUSTdNUSTerda aRC78.7 MUB aMubanga, Mubanga.eauthor. aBridging the gap towards general radiography image reporting by radiographers /cby Mubanga Mubanga. aBulawayo, Zimbabwe :bNational University of Science and Technology ,c©2021. aviii, 41 pages :billustrations ;c31 cm. 2rdacontentatextbtxt 2rdamediaaunmediatedbn 2rdacarrieravolumebnc aA thesis submitted in partial fulfilment of the requirements for the Bachelor of Science Honours degree in Radiography. 00(BSc in Radiography) National University of Science and Technology, 2021. aIncludes bibliographical references. aRadiography. aDiagnostic imaging. aImage interpretation (Diagnostic imaging) aRadiographers xProfessional practice. aMedical reporting. aMedical education xRadiography. aDr Lidion Sibanda.esupervisor. 2lccn0c3HOURhRC78.7 kRCmMUB c172851d172851 00102LCC40708NFICaMAINbMAINcSpecial Collectiond2026-05-08g5.00l0oRC78.7 MUBp92004056598r2026-05-08 14:18:14tSC24/1282v5.00w2026-05-08y3HOUR